[Event "Campeonato del Mundo Sub-20 2007 Fem."]
[Site "Yerevan ARM"]
[Date "2007.10.09"]
[Round "7.9"]
[White "Borosova, Zuzana"]
[Black "Dauletova, Gulmira"]
[Result "1-0"]
[WhiteElo "2233"]
[BlackElo "2210"]
[PlyCount "117"]
[EventDate "2007.10.03"]
[EventType "swiss"]
[EventRounds "13"]
[EventCountry "ARM"]
[Source "lmi"]
[SourceDate "2007.10.03"]

1. e4 c5 2. Nf3 d6 3. d4 cxd4 4. Nxd4 Nf6 5. Nc3 g6 6. Be3 Bg7 7. f3 O-O 8. Qd2
Nc6 9. Bc4 Nd7 10. h4 Nb6 11. Bb3 Na5 12. Qd3 Nxb3 13. axb3 d5 14. Nde2 Be6 15.
O-O-O dxe4 16. Qxe4 Qc7 17. Nd4 Bd7 18. h5 Qe5 19. hxg6 hxg6 20. Qxe5 Bxe5 21.
Nde2 Bc6 22. Nd4 Bd7 23. Nde2 Rfd8 24. Nd5 Nxd5 25. Rxd5 Bc7 26. Rhd1 Bd6 27.
Bc5 Bxc5 28. Rxd7 Rxd7 29. Rxd7 b6 30. c3 Kg7 31. b4 Bd6 32. Kc2 Rh8 33. Rxa7
Rh2 34. Rb7 Rxg2 35. Kd3 Rf2 36. Ke3 Rf1 37. b3 e5 38. Rxb6 Be7 39. Ra6 Bg5+
40. Ke4 Rf2 41. Ra2 f5+ 42. Kxe5 Rxf3 43. b5 Re3+ 44. Kd5 f4 45. b6 f3 46. Nd4
Kf6 47. b7 Bf4 48. Rf2 Rxc3 49. Rxf3 Rxf3 50. Nxf3 g5 51. Nd4 g4 52. Ke4 Bc7
53. Nc6 Kg5 54. b8=Q Bxb8 55. Nxb8 g3 56. Kf3 Kf5 57. Nc6 Ke6 58. Nb4 Ke5 59.
Nc2 1-0

[Event "Campeonato del Mundo Sub-20 2007 Fem."]
[Site "Yerevan ARM"]
[Date "2007.10.09"]
[Round "7.10"]
[White "Melia, Salome"]
[Black "Priya Panneer, Ramachandran"]
[Result "1-0"]
[WhiteElo "2365"]
[BlackElo "2129"]
[PlyCount "117"]
[EventDate "2007.10.03"]
[EventType "swiss"]
[EventRounds "13"]
[EventCountry "ARM"]
[Source "lmi"]
[SourceDate "2007.10.03"]

1. e4 e5 2. Bc4 Nf6 3. Qe2 d6 4. Nf3 Be7 5. d3 O-O 6. Nbd2 c6 7. Nf1 Be6 8. Ng3
Re8 9. O-O b5 10. Bxe6 fxe6 11. Ng5 Bf8 12. f4 Nbd7 13. Nh5 h6 14. Nxf6+ Nxf6
15. fxe5 dxe5 16. Nf3 Be7 17. b3 Bc5+ 18. Kh1 Bd4 19. Nxd4 exd4 20. e5 Nd7 21.
Qe4 Nf8 22. Qxc6 Qd5 23. Qxd5 exd5 24. Bb2 Ne6 25. Ba3 Rac8 26. Rf2 Rc6 27. Bb4
Rec8 28. Rc1 Ng5 29. Kg1 Ne6 30. Kf1 Ng5 31. h3 Ne6 32. Ke1 Ra8 33. Kd2 a5 34.
Bd6 Rac8 35. h4 b4 36. g3 Ra8 37. Rcf1 Rac8 38. Rc1 Ra8 39. Rcf1 Rac8 40. Kc1
Kh7 41. Kb2 Nc7 42. Bxc7 R8xc7 43. Re2 Re6 44. Rf4 Rce7 45. Rxd4 Rxe5 46. Rxe5
Rxe5 47. g4 Kg6 48. a3 bxa3+ 49. Kxa3 h5 50. gxh5+ Kxh5 51. c4 dxc4 52. dxc4
Re3 53. c5 Re7 54. c6 Rc7 55. Rc4 g5 56. hxg5 Kxg5 57. Ka4 Kf6 58. Kxa5 Ke6 59.
Kb6 1-0

[Event "Campeonato del Mundo Sub-20 2007 Fem."]
[Site "Yerevan ARM"]
[Date "2007.10.09"]
[Round "7.16"]
[White "Gutierrez Mancillas, Alicia Abig"]
[Black "Kharatyan, Anahit"]
[Result "0-1"]
[WhiteElo "1981"]
[BlackElo "2102"]
[PlyCount "102"]
[EventDate "2007.10.03"]
[EventType "swiss"]
[EventRounds "13"]
[EventCountry "ARM"]
[Source "lmi"]
[SourceDate "2007.10.03"]

1. e4 e5 2. Nf3 d6 3. d4 Nd7 4. Bc4 c6 5. dxe5 dxe5 6. O-O h6 7. Bxf7+ Kxf7 8.
Nxe5+ Kf6 9. Qd4 Ke6 10. Bf4 Qe8 11. Qc4+ Ke7 12. Rd1 Nxe5 13. Bxe5 Be6 14.
Qb4+ Kf7 15. Qxb7+ Be7 16. Rd3 Nf6 17. Nc3 Qc8 18. Qxc8 Raxc8 19. Bxf6 Bxf6 20.
f4 Rhd8 21. e5 Be7 22. Kf2 Bf5 23. Rxd8 Rxd8 24. Rd1 Rxd1 25. Nxd1 Bxc2 26. Nc3
Bc5+ 27. Ke2 Bd4 28. Kd2 Bxc3+ 29. Kxc3 Be4 30. g3 Ke6 31. Kd4 Bd5 32. a3 Kf5
33. b4 Ke6 34. b5 Bg2 35. bxc6 Bxc6 36. Kc5 Bf3 37. a4 Bd1 38. a5 Be2 39. Kd4
Bb5 40. Ke4 Bc6+ 41. Kd4 a6 42. Kc5 Bb5 43. Kd4 h5 44. Ke4 Bc6+ 45. Kd4 Bg2 46.
Kc5 g5 47. Kb6 gxf4 48. gxf4 Bf1 49. Kc7 Bb5 50. Kc8 h4 51. Kc7 h3 0-1

[Event "Campeonato del Mundo Sub-20 2007 Fem."]
[Site "Yerevan ARM"]
[Date "2007.10.09"]
[Round "7.18"]
[White "Rudolf, Anna"]
[Black "Kalashyan, Varduhi"]
[Result "1-0"]
[WhiteElo "2273"]
[BlackElo "2059"]
[PlyCount "51"]
[EventDate "2007.10.03"]
[EventType "swiss"]
[EventRounds "13"]
[EventCountry "ARM"]
[Source "lmi"]
[SourceDate "2007.10.03"]

1. e4 c5 2. Nf3 d6 3. d4 cxd4 4. Nxd4 Nf6 5. Nc3 a6 6. Be2 e6 7. O-O Be7 8. Be3
O-O 9. f4 Qc7 10. Bf3 Nc6 11. a4 Re8 12. Qd2 Bf8 13. Rad1 Nxd4 14. Bxd4 e5 15.
Bf2 exf4 16. Bd4 Be7 17. Qxf4 Be6 18. Rf2 Qa5 19. Qg3 g6 20. Nd5 Bxd5 21. exd5
Qxa4 22. Qf4 Nd7 23. b3 Qa5 24. Bg4 f5 25. Bxf5 gxf5 26. Qg3+ 1-0

[Event "Campeonato del Mundo Sub-20 2007 Fem."]
[Site "Yerevan ARM"]
[Date "2007.10.09"]
[Round "7.19"]
[White "Mona, Khaled"]
[Black "Pertlova, Sona"]
[Result "0-1"]
[WhiteElo "2004"]
[BlackElo "2169"]
[PlyCount "98"]
[EventDate "2007.10.03"]
[EventType "swiss"]
[EventRounds "13"]
[EventCountry "ARM"]
[Source "lmi"]
[SourceDate "2007.10.03"]

1. f4 d5 2. e3 Nf6 3. d4 c5 4. c3 g6 5. Nf3 Bg7 6. Bd3 O-O 7. Nbd2 b6 8. Ne5
Bb7 9. Qf3 Nbd7 10. g4 Ne8 11. Qh3 Nxe5 12. fxe5 f6 13. Nf3 Nc7 14. Qg3 Ne6 15.
g5 fxe5 16. Nxe5 Bxe5 17. Qxe5 Qd6 18. Qxd6 exd6 19. h4 Rae8 20. Kd1 Ng7 21.
Bd2 Bc8 22. Bb5 Re7 23. Kc2 Bf5+ 24. Kb3 c4+ 25. Kb4 Be4 26. Rhf1 Nf5 27. Rf4
Ra8 28. Raf1 a6 29. Ba4 b5 30. Bd1 Rb7 31. Ka3 a5 32. b3 b4+ 33. Kb2 bxc3+ 34.
Kxc3 Rc8 35. Kb2 c3+ 36. Bxc3 Nxe3 37. Rg1 a4 38. Bd2 Nc4+ 39. Kc1 Ne3+ 40. Kb2
Nc4+ 41. Kc1 Ne5+ 42. Kb2 Nd3+ 43. Ka3 axb3 44. Bxb3 Ra8+ 45. Ba4 Nxf4 46. Rc1
Nd3 47. Rc2 Rba7 48. h5 Rxa4+ 49. Kb3 Ra3# 0-1

[Event "Campeonato del Mundo Sub-20 2007 Fem."]
[Site "Yerevan ARM"]
[Date "2007.10.11"]
[Round "8.1"]
[White "Mongontuul, Bathuyag"]
[Black "Nebolsina, Vera"]
[Result "1/2-1/2"]
[WhiteElo "2405"]
[BlackElo "2349"]
[PlyCount "104"]
[EventDate "2007.10.03"]
[EventType "swiss"]
[EventRounds "13"]
[EventCountry "ARM"]
[Source "lmi"]
[SourceDate "2007.10.03"]

1. e4 e5 2. Nf3 Nc6 3. Bb5 a6 4. Ba4 Nf6 5. O-O b5 6. Bb3 Bc5 7. c3 d6 8. a4
Bg4 9. h3 Bh5 10. d3 Rb8 11. axb5 axb5 12. Re1 O-O 13. Nbd2 Ra8 14. Rxa8 Qxa8
15. Nf1 b4 16. Bg5 Qa7 17. Ne3 Nd7 18. g4 Bg6 19. Ba4 Ndb8 20. Bh4 f6 21. Kg2
Bf7 22. Nf5 bxc3 23. bxc3 d5 24. g5 fxg5 25. Nxg5 Ne7 26. Nxf7 Rxf7 27. Bxe7
Bxe7 28. Nxe7+ Rxe7 29. Bb3 Kh8 30. Qf3 Nd7 31. Bxd5 Re8 32. Qf7 Rf8 33. Ra1
Qxa1 34. Qxd7 Qxc3 35. Qe7 Rb8 36. Bc4 Qa5 37. Bd5 Qc3 38. Bc4 Qd4 39. Qxc7 Rf8
40. Bf7 Qd8 41. Qxd8 Rxd8 42. Bd5 Rf8 43. f3 Rf6 44. Kf2 h6 45. Ke3 Kh7 46. Kf2
Kg6 47. Bc4 Kh5 48. Kg3 Rg6+ 49. Kf2 Kh4 50. f4 Rf6 51. Ke3 Rxf4 52. d4 Rxe4+
1/2-1/2

[Event "Campeonato del Mundo Sub-20 2007 Fem."]
[Site "Yerevan ARM"]
[Date "2007.10.11"]
[Round "8.2"]
[White "Harika, Dronavalli"]
[Black "Vega Gutierrez, Sabrina"]
[Result "1-0"]
[WhiteElo "2480"]
[BlackElo "2331"]
[PlyCount "73"]
[EventDate "2007.10.03"]
[EventType "swiss"]
[EventRounds "13"]
[EventCountry "ARM"]
[Source "lmi"]
[SourceDate "2007.10.03"]

1. d4 d6 2. Nf3 Nf6 3. g3 g6 4. Bg2 Bg7 5. O-O O-O 6. c4 c6 7. Nc3 Qb6 8. h3
Qa6 9. Qd3 d5 10. Ne5 Bf5 11. Qf3 dxc4 12. e4 Be6 13. Qe2 Nfd7 14. Nf3 f6 15.
Be3 Bf7 16. a4 Qa5 17. Nd2 e5 18. Nxc4 Qb4 19. d5 Rc8 20. Rfc1 Na6 21. Bd2 Qf8
22. Na5 Ndc5 23. Nd1 cxd5 24. exd5 Qd6 25. Ne3 b6 26. Nc6 Nb8 27. Bb4 Nxc6 28.
dxc6 Rc7 29. a5 Rb8 30. axb6 axb6 31. Qb5 Rcc8 32. Ra7 Be8 33. Qc4+ Kh8 34. Rd1
Qe6 35. Bxc5 Qxc4 36. Nxc4 bxc5 37. c7 1-0

[Event "Campeonato del Mundo Sub-20 2007 Fem."]
[Site "Yerevan ARM"]
[Date "2007.10.11"]
[Round "8.5"]
[White "Gasik, Anna"]
[Black "Borosova, Zuzana"]
[Result "1-0"]
[WhiteElo "2191"]
[BlackElo "2233"]
[PlyCount "157"]
[EventDate "2007.10.03"]
[EventType "swiss"]
[EventRounds "13"]
[EventCountry "ARM"]
[Source "lmi"]
[SourceDate "2007.10.03"]

1. e4 e5 2. Nf3 Nc6 3. Bb5 a6 4. Ba4 Nf6 5. d4 exd4 6. O-O Be7 7. e5 Ne4 8.
Nxd4 Nxd4 9. Qxd4 Nc5 10. Nc3 O-O 11. Bg5 Nxa4 12. Bxe7 Qxe7 13. Nxa4 b5 14.
Nc5 d6 15. exd6 Qxd6 16. Qxd6 cxd6 17. Nb3 Be6 18. Nd4 Rac8 19. Rfd1 Rfd8 20.
f3 Rc4 21. Rd2 d5 22. Re1 Rd6 23. a3 g6 24. c3 Kg7 25. Kf2 Kf6 26. g4 Rb6 27.
Red1 Rc8 28. Nc2 Rd6 29. Ne3 Rcd8 30. Rd4 g5 31. Kg3 h6 32. f4 gxf4+ 33. Kxf4
Kg6 34. R1d2 Kf6 35. a4 bxa4 36. Rxa4 Ke7 37. Rad4 R8d7 38. Ke5 f6+ 39. Kf4 Rb6
40. Re2 Kf7 41. Kf3 Rdb7 42. Rdd2 Rb3 43. Nd1 R7b4 44. Ne3 Rb7 45. h3 Rd7 46.
Rd4 Rdb7 47. Nd1 Rc7 48. Ra4 Rb6 49. Rd4 Rc4 50. Red2 Rc7 51. Nf2 Rc4 52. Ke3
a5 53. Nd3 Rc7 54. Rf2 Rcb7 55. Ra4 Ra7 56. b4 Rba6 57. Nc5 Rc6 58. Kd4 Rcc7
59. Rxa5 Rxa5 60. bxa5 Ra7 61. Rb2 Bc8 62. Rb8 Ba6 63. Rb6 Bf1 64. a6 Kg6 65.
Rb7 Rxa6 66. Nxa6 Bxa6 67. Rb1 Bc4 68. Ke3 Kg5 69. Kf3 f5 70. Rb8 fxg4+ 71.
hxg4 Bd3 72. Rg8+ Kf6 73. Kf4 Be2 74. Rd8 Bc4 75. Rd6+ Kg7 76. Kg3 Kh7 77. Kh4
Kg7 78. Kh5 Be2 79. Rxd5 1-0

[Event "Campeonato del Mundo Sub-20 2007 Fem."]
[Site "Yerevan ARM"]
[Date "2007.10.11"]
[Round "8.9"]
[White "Kharatyan, Anahit"]
[Black "Khotenashvili, Bela"]
[Result "0-1"]
[WhiteElo "2102"]
[BlackElo "2328"]
[PlyCount "22"]
[EventDate "2007.10.03"]
[EventType "swiss"]
[EventRounds "13"]
[EventCountry "ARM"]
[Source "lmi"]
[SourceDate "2007.10.03"]

1. e4 c5 2. c3 d5 3. exd5 Qxd5 4. d4 Nf6 5. Na3 a6 6. Nf3 Bg4 7. Qa4+ Nc6 8.
Ne5 cxd4 9. Nxc6 bxc6 10. cxd4 e5 11. dxe5 Bb4+ 0-1

[Event "Campeonato del Mundo Sub-20 2007 Fem."]
[Site "Yerevan ARM"]
[Date "2007.10.11"]
[Round "8.12"]
[White "Salvador, Aices"]
[Black "Soumya, Swaminathan"]
[Result "0-1"]
[WhiteElo "1927"]
[BlackElo "2244"]
[PlyCount "65"]
[EventDate "2007.10.03"]
[EventType "swiss"]
[EventRounds "13"]
[EventCountry "ARM"]
[Source "lmi"]
[SourceDate "2007.10.03"]

1. e4 c5 2. a3 g6 3. b4 Bg7 4. Nc3 d6 5. Bb2 Nf6 6. Nd5 O-O 7. Bd3 Nxd5 8. Bxg7
Kxg7 9. exd5 e6 10. dxe6 Qg5 11. g3 Bxe6 12. f4 Qf6 13. Nf3 Bh3 14. Kf2 cxb4
15. axb4 d5 16. Ng5 Qb6+ 17. Kf3 Bc8 18. Kg2 Qxb4 19. Re1 Nd7 20. c3 Qd6 21.
Qe2 Nf6 22. Qe5 Qxe5 23. fxe5 Ne8 24. e6 fxe6 25. Nxe6+ Bxe6 26. Rxe6 Rf7 27.
c4 Nc7 28. Re2 dxc4 29. Bxc4 Rd7 30. Rae1 Kh6 31. Re7 Rad8 32. Kh3 b5 33. Bb3
0-1

[Event "Campeonato del Mundo Sub-20 2007 Fem."]
[Site "Yerevan ARM"]
[Date "2007.10.11"]
[Round "8.13"]
[White "Dauletova, Gulmira"]
[Black "Kulon, Klaudia"]
[Result "1-0"]
[WhiteElo "2210"]
[BlackElo "2139"]
[PlyCount "85"]
[EventDate "2007.10.03"]
[EventType "swiss"]
[EventRounds "13"]
[EventCountry "ARM"]
[Source "lmi"]
[SourceDate "2007.10.03"]

1. e4 e5 2. Nf3 Nc6 3. Bb5 a6 4. Ba4 Nf6 5. O-O Be7 6. Re1 b5 7. Bb3 d6 8. c3
O-O 9. d4 Bg4 10. d5 Na5 11. Bc2 c6 12. h3 Bh5 13. dxc6 Nxc6 14. Bg5 h6 15.
Bxf6 Bxf6 16. Qd3 Qb6 17. Nbd2 Rfd8 18. Bb3 Rac8 19. Nf1 a5 20. Ne3 Ne7 21. g4
Bg6 22. h4 a4 23. Bd5 Nxd5 24. Nxd5 Qb7 25. g5 Be7 26. gxh6 gxh6 27. Nh2 Bxh4
28. Qh3 Bg5 29. Nf3 Be7 30. Qxh6 Qd7 31. Kh2 Qe6 32. Rg1 Bf8 33. Qh4 Bg7 34.
Ng5 Qe8 35. Nh7 Qe6 36. Ne7+ Qxe7 37. Qxe7 Kxh7 38. Rad1 Rh8 39. Rd3 Kg8+ 40.
Rh3 Rxh3+ 41. Kxh3 Bxe4 42. Qf6 Bg6 43. Rxg6 1-0

[Event "Campeonato del Mundo Sub-20 2007 Fem."]
[Site "Yerevan ARM"]
[Date "2007.10.11"]
[Round "8.16"]
[White "Bokuchava, Madona"]
[Black "Mnatsakanyan, Diana"]
[Result "1-0"]
[WhiteElo "2130"]
[BlackElo "1970"]
[PlyCount "129"]
[EventDate "2007.10.03"]
[EventType "swiss"]
[EventRounds "13"]
[EventCountry "ARM"]
[Source "lmi"]
[SourceDate "2007.10.03"]

1. d4 e6 2. c4 b6 3. Nc3 Bb7 4. a3 Nf6 5. Nf3 d5 6. cxd5 Nxd5 7. Qc2 Nxc3 8.
bxc3 c5 9. e4 Nd7 10. Bd3 Qc8 11. Qb1 Be7 12. O-O O-O 13. Bf4 f5 14. exf5 Bxf3
15. gxf3 Nf6 16. Bg3 Qc6 17. Re1 Qxf3 18. Rxe6 Rf7 19. Qd1 Qxd1+ 20. Rxd1 cxd4
21. Bc4 Rc8 22. Ba2 Bxa3 23. cxd4 Kf8 24. Re3 Bb4 25. Bxf7 Kxf7 26. d5 Rd8 27.
d6 Rd7 28. Rb3 Bc5 29. Kg2 a5 30. f3 a4 31. Rc3 Ne8 32. Bf2 Bxf2 33. Kxf2 Nxd6
34. Rd4 b5 35. Rc6 Ke7 36. Rb6 a3 37. Ra6 Nc4 38. Re4+ Kf7 39. Kg3 Rd2 40. Ree6
Rd7 41. Rec6 Ke7 42. Ra8 Rd2 43. Re6+ Kf7 44. Ra7+ Kf8 45. Ra8+ Kf7 46. Ra7+
Kf8 47. Rc6 Rd8 48. Rcc7 Nd6 49. Rxa3 Nxf5+ 50. Kg4 Nd4 51. Raa7 Ne6 52. Rf7+
Kg8 53. Rfe7 Rd6 54. Kf5 Nd4+ 55. Ke5 Rd8 56. Rxg7+ Kf8 57. Rgf7+ Kg8 58. Rg7+
Kf8 59. Raf7+ Ke8 60. Re7+ Kf8 61. Ref7+ Ke8 62. Rxh7 b4 63. Rb7 Nc6+ 64. Ke6
Rd4 65. Kf6 1-0

[Event "Campeonato del Mundo Sub-20 2007 Fem."]
[Site "Yerevan ARM"]
[Date "2007.10.11"]
[Round "8.17"]
[White "Karapetyan, Lusine"]
[Black "Priya Panneer, Ramachandran"]
[Result "0-1"]
[WhiteElo "1950"]
[BlackElo "2129"]
[PlyCount "124"]
[EventDate "2007.10.03"]
[EventType "swiss"]
[EventRounds "13"]
[EventCountry "ARM"]
[Source "lmi"]
[SourceDate "2007.10.03"]

1. e4 e5 2. Nf3 Nf6 3. Nc3 Bb4 4. Nxe5 O-O 5. Nd3 Bxc3 6. dxc3 Nxe4 7. Nf4 d6
8. Bd3 Re8 9. O-O Nd7 10. c4 Ndc5 11. f3 Nxd3 12. cxd3 Nf6 13. b3 d5 14. Bb2 d4
15. Re1 c5 16. Qd2 Bd7 17. Rxe8+ Bxe8 18. Re1 Qd6 19. Ba3 a5 20. Nh3 Bd7 21.
Nf2 b6 22. Re2 h6 23. Qe1 Nh5 24. Bc1 Nf4 25. Re4 Ng6 26. g3 Bc6 27. a4 Bxe4
28. fxe4 Re8 29. Qd1 Qe6 30. Qh5 Qe5 31. Qh3 Qe6 32. Qh5 Ne5 33. Bf4 Qg6 34.
Qh3 Nf3+ 35. Kg2 Ne5 36. Kg1 Kh7 37. g4 h5 38. Qxh5+ Qxh5 39. gxh5 g6 40. hxg6+
Kxg6 41. Kf1 f5 42. Ke2 fxe4 43. Nxe4 Re7 44. Bg3 Kf5 45. Nd6+ Kg4 46. Ne4 Kh3
47. Nf2+ Kg2 48. Ne4 Ng4 49. Bd6 Re6 50. h3 Nf6 51. Bc7 Nxe4 52. dxe4 Rxe4+ 53.
Kd2 Re6 54. h4 Kf3 55. Bd8 Ke4 56. Bg5 d3 57. h5 Re5 58. Bd8 Rxh5 59. Bxb6 Kd4
60. Bxa5 Rh2+ 61. Kc1 Ke3 62. Be1 Rh1 0-1

[Event "Campeonato del Mundo Sub-20 2007 Fem."]
[Site "Yerevan ARM"]
[Date "2007.10.11"]
[Round "8.18"]
[White "Martirosian, Lia"]
[Black "Markantonaki, Haritomeni"]
[Result "1-0"]
[WhiteElo "2121"]
[BlackElo "2161"]
[PlyCount "77"]
[EventDate "2007.10.03"]
[EventType "swiss"]
[EventRounds "13"]
[EventCountry "ARM"]
[Source "lmi"]
[SourceDate "2007.10.03"]

1. Nf3 d5 2. b3 c5 3. Bb2 Nc6 4. e3 Bf5 5. Bb5 a6 6. Bxc6+ bxc6 7. d3 e6 8.
Nbd2 Nf6 9. Ne5 Bd6 10. Qe2 Qc7 11. f4 h5 12. e4 Bh7 13. g3 O-O-O 14. O-O-O Kb7
15. h3 Rhg8 16. g4 Ne8 17. g5 f6 18. g6 fxe5 19. gxh7 Rh8 20. exd5 exf4 21.
dxe6 Rxh7 22. Ne4 Be7 23. Qf2 Rd5 24. c4 Rf5 25. d4 Rh6 26. Rhe1 Ka8 27. Nxc5
f3 28. Kb1 Rg6 29. Qc2 Rfg5 30. b4 Rg2 31. Qa4 a5 32. Nd3 f2 33. Re5 Kb8 34.
Rxa5 Qb7 35. d5 Rg1 36. Nxf2 Bxb4 37. dxc6 Rxd1+ 38. Nxd1 Qb6 39. Rb5 1-0

[Event "Campeonato del Mundo Sub-20 2007 Fem."]
[Site "Yerevan ARM"]
[Date "2007.10.11"]
[Round "8.19"]
[White "Hegarty, Sarah N"]
[Black "Darbinyan, Nune"]
[Result "0-1"]
[WhiteElo "1967"]
[BlackElo "2089"]
[PlyCount "80"]
[EventDate "2007.10.03"]
[EventType "swiss"]
[EventRounds "13"]
[EventCountry "ARM"]
[Source "lmi"]
[SourceDate "2007.10.03"]

1. e4 c5 2. Nf3 Nc6 3. d4 cxd4 4. Nxd4 g6 5. Nc3 Bg7 6. Be3 Nf6 7. Bc4 O-O 8.
Bb3 d6 9. h3 Bd7 10. O-O Rc8 11. Kh1 a6 12. Re1 b5 13. a3 Na5 14. f4 Nc4 15.
Bxc4 Rxc4 16. Qd3 Qc7 17. Nf3 Bc8 18. e5 Bf5 19. Qd1 Ne4 20. Nd5 Qb7 21. g4 Be6
22. Nb6 Rc7 23. Kh2 Nc5 24. exd6 exd6 25. Qxd6 Rc6 26. Qd1 Bxb2 27. Rb1 Bxa3
28. Bxc5 Rxc5 29. Na4 Rd5 30. Qe2 Qc7 31. Nb2 Qxf4+ 32. Kg2 Bd6 33. Qf2 Rc8 34.
Nd3 Qc4 35. Re2 Bb8 36. Nb4 Rd6 37. Ne5 Qc5 38. Qf4 Bd5+ 39. Nxd5 Qxd5+ 40. Kg3
f6 0-1

[Event "Campeonato del Mundo Sub-20 2007 Fem."]
[Site "Yerevan ARM"]
[Date "2007.10.11"]
[Round "8.20"]
[White "Alaverdyan, Lusine"]
[Black "Tjolsen, Katrine"]
[Result "0-1"]
[WhiteElo "1990"]
[BlackElo "2081"]
[PlyCount "104"]
[EventDate "2007.10.03"]
[EventType "swiss"]
[EventRounds "13"]
[EventCountry "ARM"]
[Source "lmi"]
[SourceDate "2007.10.03"]

1. e4 c5 2. Nf3 Nc6 3. d4 cxd4 4. Nxd4 Nf6 5. Nc3 e5 6. Ndb5 d6 7. Bg5 a6 8.
Bxf6 gxf6 9. Na3 b5 10. Nd5 Bg7 11. c3 f5 12. exf5 Bxf5 13. Nc2 Be6 14. Nce3
Ne7 15. Qf3 Nxd5 16. Nxd5 O-O 17. Rd1 f5 18. Be2 Rb8 19. Qd3 e4 20. Qd2 Be5 21.
f4 exf3 22. Bxf3 Qh4+ 23. g3 Qc4 24. a3 Kh8 25. Kf2 f4 26. g4 Qc8 27. h3 a5 28.
Rhe1 Qd8 29. Kg2 Qg5 30. Qf2 Rf7 31. Rg1 Rg7 32. Kf1 Bc8 33. Rg2 h5 34. Kg1
hxg4 35. Bxg4 Qh6 36. Rf1 Bb7 37. Qf3 Rbg8 38. Rff2 b4 39. axb4 axb4 40. Qe4
bxc3 41. bxc3 Bxc3 42. Bf3 Be5 43. Rxg7 Rxg7+ 44. Rg2 Qxh3 45. Rxg7 Kxg7 46.
Bg2 Qg3 47. Kf1 Ba6+ 48. Kg1 f3 49. Qxf3 Bd4+ 50. Kh1 Qe1+ 51. Kh2 Bg1+ 52. Kh1
Bf2+ 0-1

[Event "Campeonato del Mundo Sub-20 2007 Fem."]
[Site "Yerevan ARM"]
[Date "2007.10.12"]
[Round "9.2"]
[White "Karavade, Eesha"]
[Black "Harika, Dronavalli"]
[Result "0-1"]
[WhiteElo "2331"]
[BlackElo "2480"]
[PlyCount "70"]
[EventDate "2007.10.03"]
[EventType "swiss"]
[EventRounds "13"]
[EventCountry "ARM"]
[Source "lmi"]
[SourceDate "2007.10.03"]

1. d4 Nf6 2. c4 g6 3. Nc3 Bg7 4. e4 O-O 5. Nf3 c6 6. e5 Ne8 7. Be2 d6 8. Bf4
Bg4 9. h3 Bxf3 10. Bxf3 Nd7 11. exd6 Nxd6 12. Be2 Qb6 13. c5 Qxb2 14. Bd2 Bxd4
15. Rb1 Qa3 16. cxd6 Bxc3 17. Rxb7 Nb6 18. dxe7 Rfe8 19. O-O Bxd2 20. Qxd2 Rxe7
21. Rxe7 Qxe7 22. Bf3 Rc8 23. Re1 Qc7 24. Qg5 Qd6 25. Bg4 Rf8 26. Qa5 c5 27.
Rd1 Qe7 28. Qc3 Re8 29. g3 c4 30. Qa5 h5 31. Bf3 Qf6 32. Kg2 Re7 33. Qb4 Rc7
34. a4 Qe7 35. Rd6 Nc8 0-1

[Event "Campeonato del Mundo Sub-20 2007 Fem."]
[Site "Yerevan ARM"]
[Date "2007.10.12"]
[Round "9.5"]
[White "Khotenashvili, Bela"]
[Black "Zawadzka, Jolanta"]
[Result "0-1"]
[WhiteElo "2328"]
[BlackElo "2371"]
[PlyCount "92"]
[EventDate "2007.10.03"]
[EventType "swiss"]
[EventRounds "13"]
[EventCountry "ARM"]
[Source "lmi"]
[SourceDate "2007.10.03"]

1. d4 Nf6 2. g3 g6 3. Bg2 Bg7 4. e4 d6 5. Nc3 Nbd7 6. Nge2 O-O 7. O-O c5 8. d5
Ne8 9. h3 Nc7 10. a4 a6 11. f4 f5 12. Kh2 Rb8 13. a5 b5 14. axb6 Nxb6 15. exf5
gxf5 16. Rb1 e6 17. dxe6 Bxe6 18. b3 d5 19. Ba3 d4 20. Na4 Nxa4 21. bxa4 Qd6
22. Rxb8 Rxb8 23. Ng1 Bd5 24. Bxd5+ Nxd5 25. Re1 Rd8 26. Nf3 Ne3 27. Qe2 Qc6
28. Nh4 Qxa4 29. Bxc5 Rc8 30. Nxf5 Rxc5 31. Nxe3 dxe3 32. Qxe3 Rxc2+ 33. Re2
Qc4 34. Rxc2 Qxc2+ 35. Kh1 Qb1+ 36. Kh2 Qa2+ 37. Kh1 a5 38. Qe8+ Bf8 39. Qe5
Qb1+ 40. Kh2 Qc2+ 41. Kh1 Qc6+ 42. Kh2 a4 43. Qg5+ Qg6 44. Qd5+ Qf7 45. Qg5+
Kh8 46. Qe5+ Qg7 0-1

[Event "Campeonato del Mundo Sub-20 2007 Fem."]
[Site "Yerevan ARM"]
[Date "2007.10.12"]
[Round "9.8"]
[White "Gomes, Mary Ann"]
[Black "Dauletova, Gulmira"]
[Result "0-1"]
[WhiteElo "2262"]
[BlackElo "2210"]
[PlyCount "121"]
[EventDate "2007.10.03"]
[EventType "swiss"]
[EventRounds "13"]
[EventCountry "ARM"]
[Source "lmi"]
[SourceDate "2007.10.03"]

1. Nf3 Nf6 2. c4 g6 3. Nc3 Bg7 4. g3 O-O 5. Bg2 d6 6. d4 Nbd7 7. O-O e5 8. e4
c6 9. h3 exd4 10. Nxd4 Re8 11. b3 Nc5 12. Re1 a5 13. Bf4 Nh5 14. Be3 Qc7 15.
Qc2 Nf6 16. Rad1 Nfd7 17. Re2 Bf8 18. f4 Qb6 19. Nf3 Qb4 20. Bd2 Qb6 21. Kh2
Qc7 22. Be3 Rb8 23. Nd4 h5 24. Kh1 Ra8 25. a3 Nf6 26. b4 axb4 27. axb4 Ne6 28.
Nf3 Ra3 29. Bc1 Ra8 30. Rde1 Qb6 31. b5 Bd7 32. Be3 Qa5 33. bxc6 Bxc6 34. f5
gxf5 35. exf5 Ng7 36. Bd4 Rxe2 37. Rxe2 Nd7 38. Nh4 Ne5 39. Bxe5 dxe5 40. Bxc6
bxc6 41. Ne4 Bc5 42. Qc1 Qa1 43. Qxa1 Rxa1+ 44. Kh2 Bd4 45. Nf6+ Kf8 46. g4
hxg4 47. hxg4 Ke7 48. g5 Rf1 49. Ng8+ Kf8 50. Nh6 Rf4 51. Ng2 Rf1 52. f6 Nf5
53. Ra2 Ke8 54. Ra8+ Kd7 55. Nxf7 e4 56. Nh8 Be5+ 57. Kh3 Nd4 58. f7 Ne6 59.
Ra7+ Kd6 60. f8=Q+ Rxf8 61. Nf7+ 0-1

[Event "Campeonato del Mundo Sub-20 2007 Fem."]
[Site "Yerevan ARM"]
[Date "2007.10.12"]
[Round "9.9"]
[White "Borosova, Zuzana"]
[Black "Arutyunova, Diana"]
[Result "0-1"]
[WhiteElo "2233"]
[BlackElo "2256"]
[PlyCount "94"]
[EventDate "2007.10.03"]
[EventType "swiss"]
[EventRounds "13"]
[EventCountry "ARM"]
[Source "lmi"]
[SourceDate "2007.10.03"]

1. e4 e6 2. d4 d5 3. Nc3 Nf6 4. Bg5 Be7 5. e5 Nfd7 6. h4 c5 7. Bxe7 Kxe7 8.
dxc5 Nxe5 9. f4 Ned7 10. Qd2 Re8 11. O-O-O Kf8 12. f5 Nxc5 13. fxe6 Bxe6 14.
Nf3 Qa5 15. Bd3 h6 16. g4 Nc6 17. Qf4 Qb4 18. Qg3 d4 19. a3 Qb6 20. Ne4 Na4 21.
g5 Qxb2+ 22. Kd2 Nc3 23. Qd6+ Kg8 24. Nf6+ gxf6 25. gxf6 Bg4 26. Qf4 Ne4+ 27.
Bxe4 Qc3+ 28. Kc1 Rxe4 29. Qxe4 Qxa3+ 30. Kb1 Qxf3 31. Qxf3 Bxf3 32. Rhg1+ Kh8
33. Rd3 Be4 34. Rdg3 h5 35. Rg5 Bg6 36. Kb2 Re8 37. R1g2 Kh7 38. Rf2 Ne5 39.
Kb3 Ng4 40. Rd2 Nxf6 41. Rxd4 Re3+ 42. Kb2 b6 43. Rc4 Kg7 44. Rb5 Re7 45. Rg5
Ne4 46. Rd5 f5 47. Rd8 Nc5 0-1

[Event "Campeonato del Mundo Sub-20 2007 Fem."]
[Site "Yerevan ARM"]
[Date "2007.10.12"]
[Round "9.12"]
[White "Priya Panneer, Ramachandran"]
[Black "Hakimifard, Ghazal"]
[Result "1-0"]
[WhiteElo "2129"]
[BlackElo "2102"]
[PlyCount "101"]
[EventDate "2007.10.03"]
[EventType "swiss"]
[EventRounds "13"]
[EventCountry "ARM"]
[Source "lmi"]
[SourceDate "2007.10.03"]

1. e4 c5 2. Nc3 d6 3. Nf3 Nf6 4. d4 cxd4 5. Nxd4 g6 6. Be3 Bg7 7. f3 Nc6 8. Qd2
O-O 9. Bc4 Qa5 10. Nb3 Qc7 11. O-O-O Ne5 12. Be2 Bd7 13. Kb1 Rfc8 14. g4 Nc4
15. Bxc4 Qxc4 16. e5 Ne8 17. Nd5 Kf8 18. Bh6 dxe5 19. Bxg7+ Kxg7 20. Nxe7 Rd8
21. h4 Qe6 22. Qb4 a5 23. Nxa5 Qa6 24. h5 Nf6 25. h6+ Kh8 26. Qc4 Qe6 27. Qxe6
Bxe6 28. Nb3 Ne8 29. a3 Nc7 30. Nc5 Bc4 31. Nxb7 Rdb8 32. Nd6 Be6 33. Nc6 Rb6
34. Nxe5 Nd5 35. Ndc4 Rb5 36. Rd3 f6 37. Nc6 Nf4 38. Nd6 Rc5 39. Nb4 Nxd3 40.
Nxd3 Rc6 41. Ne4 Bc4 42. g5 Bxd3 43. cxd3 fxg5 44. Nxg5 Ra5 45. f4 Rd5 46. Re1
Rc8 47. Re7 Rxd3 48. Rxh7+ Kg8 49. Rg7+ Kf8 50. Nh7+ Ke8 51. Nf6+ 1-0